Handbook for the amateur lapidary /

Bibliographic Details
Main Author: Howard, James Harry, 1887-
Format: Book
Language:English
Published: Greenville, S.C. : J. H. Howard, 1935.
Subjects:

MARC

Tag First Indicator Second Indicator Subfields
LEADER 00000cam a2200000 4500
001 in00000040008
005 20151007070455.0
008 791015s1935 scua 00010 eng
010 |a  35020712  
035 |a (OCoLC)05525237 
035 |9 AAE4090AM 
040 |a DLC  |c SMI  |d TXA  |d UtOrBLW 
049 |a TXAM  |c [60334] 
050 0 |a TS752  |b .H57 
092 |a 553.8  |b H849h 
100 1 |a Howard, James Harry,  |d 1887- 
245 1 0 |a Handbook for the amateur lapidary /  |c by J. Harry Howard ... designed to provide practical instruction in all kinds of gem cutting for the beginner and for the advanced amateur. 
264 1 |a Greenville, S.C. :  |b J. H. Howard,  |c 1935. 
300 |a 3 pages ., [9]-140 pages, 1 :  |b illustrations, diagrams ;  |c 20 cm. 
336 |a text  |b txt  |2 rdacontent 
337 |a unmediated  |b n  |2 rdamedia 
338 |a volume  |b nc  |2 rdacarrier 
650 0 |a Precious stones. 
740 0 |a Lapidary, Handbook for the amateur. 
999 |a MARS 
999 f f |s 891a7e6d-cf7e-33cc-aade-4a33bd9a63d4  |i 15f0a5df-f768-3682-b81e-c00dd5158430  |t 0 
952 f f |p ric  |a Texas A&M University  |b Rellis Campus  |c Joint Library Facility  |d Remote Storage  |t 0  |e TS752 .H57  |h Library of Congress classification  |i unmediated -- volume  |m A14800959345 
998 f f |a TS752 .H57  |t 0  |l Remote Storage